000
00292nam a22001337a 4500
008
170807b xxu||||| |||| 00| 0 eng d
020
_a
9780070447547
041
_a
eng
080
_a
004
100
_a
33
101
_a
SHK
245
_a
DATABASESYSTEM CONCEPTS
_c
KORTH,H.F
942
_2
udc
_c
BK
999
_c
22782
_d
22782